Michael Caine Filmography - Statistics

General Stats
  • This quiz has been taken 409 times
    61 since last reset
  • The average score is 35 of 274
Answer Stats
Type Year Name % Correct
Film 2008 The Dark Knight
84%
Film | Video Game 2005 Batman Begins
80%
Film 2012 The Dark Knight Rises
80%
Film 1969 The Italian Job
68%
Film 1966 Alfie
64%
Film 2010 Inception
64%
Film 1964 Zulu
60%
Film 1999 The Cider House Rules
56%
Film 2014 Interstellar
52%
Film 2020 Tenet
52%
Film 2006 The Prestige
52%
TV Documentary 2006 The Prestige: Now That's Magic
52%
Film 1988 Dirty Rotten Scoundrels
48%
Film 2017 Dunkirk
48%
Film 1971 | 2000 Get Carter
48%
Film 1986 Hannah and Her Sisters
44%
Film 2014 Kingsman: The Secret Service
44%
Film 1972 | 2007 Sleuth
44%
Film 1965 The Ipcress File
44%
Film 1983 Educating Rita
40%
Film 1975 The Man Who Would Be King
40%
Film 2011 Cars 2
36%
Film 1987 Jaws: The Revenge
36%
Film 2013 Now You See Me
36%
Film 2016 Now You See Me 2
36%
Film 1977 A Bridge Too Far
32%
Film 2002 Austin Powers in Goldmember
32%
Film 1966 Funeral in Berlin
32%
Film 1992 The Muppet Christmas Carol
32%
Film 2002 The Quiet American
32%
Film 1984 Blame It on Rio
28%
Film 1980 Dressed to Kill
28%
Film 2007 Flawless
28%
Film 2011 Gnomeo & Juliet
28%
Film 2017 Going in Style
28%
Film 2009 Harry Brown
28%
Film 1986 Mona Lisa
28%
Film 1990 A Shock to the System
24%
Film 1969 Battle of Britain
24%
Film 1967 Billion Dollar Brain
24%
Film 2006 Children of Men
24%
Short TV Documentary 2007 Children of Men: Visions of the Future
24%
Film 2000 Miss Congeniality
24%
Film 2003 Secondhand Lions
24%
Film 1976 The Eagle Has Landed
24%
Film 2015 Youth
24%
Film 2005 Bewitched
20%
Film 1978 California Suite
20%
Film 1981 Escape to Victory
20%
Film 1994 On Deadly Ground
20%
Film 2000 Quills
20%
Film 2018 Sherlock Gnomes
20%
Award Show 1973 The 45th Annual Academy Awards
20%
Film 1981 The Hand
20%
Film 2015 The Last Witch Hunter
20%
Film 1956 A Hill in Korea
16%
Film 1982 Deathtrap
16%
Film 1966 Gambit
16%
Film 2012 Journey 2: The Mysterious Island
16%
Film 2018 King of Thieves
16%
Film 1998 Little Voice
16%
Film 2022 Medieval
16%
Film 1972 Pulp
16%
Film 1987 The Fourth Protocol
16%
Film 1983 The Honorary Consul
16%
Film 1971 The Last Valley
16%
Film 1978 The Swarm
16%
Film 2005 The Weather Man
16%
Film 1966 The Wrong Box
16%
Film 1970 Too Late the Hero
16%
Film 2021 Twist
16%
Film 1985 Water
16%
Film 1988 Without a Clue
16%
TV Mini-Series 1997 20,000 Leagues Under the Sea
12%
Film 1979 Ashanti
12%
TV Show 1956, 1957, 1958 BBC Sunday Night Theatre
12%
Film 1958 Blind Spot
12%
Film 1996 Blood and Wine
12%
Film 1992 Blue Ice
12%
Film 1990 Bullseye!
12%
Film 1998 Curtain Call
12%
Film 1968 Deadfall
12%
TV Show 1957 Escape
12%
Film 1960 Foxhole in Cairo
12%
Documentary Series 2003 Freedom: A History of Us
12%
Film 1967 Hurry Sundown
12%
TV Show 1969 ITV Saturday Night Theatre
12%
TV Mini-Series 1988 Jack the Ripper
12%
TV Film 1990 Jekyll & Hyde
12%
Film 1971 Kidnapped
12%
Film 1990 Mr. Destiny
12%
Film 2013 Mr. Morgan's Last Love
12%
Film 1992 Noises Off
12%
Film 1975 Peeper
12%
Film 1969 Play Dirty
12%
Film 2003 Quicksand
12%
Film 2000 Shiner
12%
Commercial 2014 Sky Broadband
12%
Film 2014 Stonehearst Asylum
12%
Film 2003 The Actors
12%
TV Show 1956 The Adventures of Sir Lancelot
12%
Film 2023 The Great Escaper
12%
Film 1985 The Holcroft Covenant
12%
Film 1980 The Island
12%
Film 1983 The Jigsaw Man
12%
Film 1968 The Magus
12%
Film 2003 The Statement
12%
TV Show 1965-1988 The Tonight Show Starring Johnny Carson
12%
Film 1958 The Two-Headed Spy
12%
Film 1975 The Wilby Conspiracy
12%
Film 1967 Woman Times Seven
12%
Film 1972 Zee and Co.
12%
TV Show 1961 Armchair Theatre
8%
Film 2004 Around the Bend
8%
Film 1958 A Woman of Mystery
8%
Film 2021 Best Sellers
8%
Film 1979 Beyond the Poseidon Adventure
8%
TV Film 1957 Blood Money
8%
TV Film 1995 Bullet to Beijing
8%
Film 1958 Carve Her Name with Pride
8%
Film 2020 Come Away
8%
Film 1959 Danger Within
8%
TV Show 1960 Deadline Midnight
8%
Film 2018 Dear Dictator
8%
TV Show 1957, 1958, 1959 Dixon of Dock Green
8%
TV Show 1963 First Night
8%
Film 2020 Four Kids and It
8%
Film 1986 Half Moon Street
8%
Film 1976 Harry and Walter Go to New York
8%
Film 1957 How to Murder a Rich Uncle
8%
Film 2008 Is Anybody There?
8%
TV Show 1961, 1962, 1964 ITV Play of the Week
8%
Film 2001 Last Orders
8%
TV Film 1969 Male of the Species
8%
TV Film 1997 Mandela and de Klerk
8%
TV Film 1996 Midnight in Saint Petersburg
8%
TV Show 1958 Navy Log
8%
TV Show 1960 No Wreath for the General
8%
Film 1958 Passport to Shame
8%
Film 1956 Sailor Beware!
8%
Film 1998 Shadow Run
8%
Film 1978 Silver Bears
8%
Short Film 1970 Simon, Simon
8%
Film 1962 Solo for Sparrow
8%
Film 1987 Surrender
8%
Film 1986 Sweet Liberty
8%
TV Show 1958, 1959 The Adventures of William Tell
8%
Film 1974 The Black Windmill
8%
Film 1960 The Bulldog Breed
8%
TV Show 1961 The Compartment
8%
Film 1961 The Day the Earth Caught Fire
8%
Film 1999 The Debtors
8%
TV Show 1962 The Edgar Wallace Mystery Theatre
8%
Film 1958 The Key
8%
Film 1974 The Marseille Contract
8%
TV Show 1966-1979 The Mike Douglas Show
8%
Film 1975 The Romantic Englishwoman
8%
Film 1957 The Steel Bayonet
8%
TV Show 1958 The Vise
8%
Film 1986 The Whistle Blower
8%
Film 1963 The Wrong Arm of the Law
8%
TV Show 1961 The Younger Generation
8%
TV Mini-Series 1961 Walk a Crooked Mile
8%
Documentary Mini-Series 1994 World War II: When Lions Roared
8%
TV Show 1961, 1962 BBC Sunday-Night Play
4%
TV Show 1962 Drama 61-67
4%
Video Game 2015 GivingTales
4%
TV Show 1960 Golden Girl
4%
TV Film 1964 Hamlet at Elsinore
4%
TV Show 1960 Knight Errant Limited
4%
Music Video 1984 Michael Caine
4%
TV Show 1957 Mister Charlesworth
4%
TV Film 1946 Morning Departure
4%
Documentary 2017 My Generation
4%
TV Show 1969, 1970 Rowan & Martin's Laugh-In
4%
TV Special 1990 Sean Connery: A BAFTA Tribute
4%
TV Show 1961 Storyboard
4%
TV Show 1959 Television Playwright
4%
TV Show 1956 The Crime of the Century
4%
Documentary Series 2015 60 Minutes
0%
TV Special 1966 A Bob Hope Comedy Special
0%
Documentary Series 1987 Acting
0%
TV Documentary 1983 ...And the Queen Passed By
0%
Documentary Series 2004 Arena
0%
TV Special 1990 A Royal Birthday Gala
0%
TV Special 2005 Avenue of the Stars: 50 Years of ITV
0%
TV Show 2016 BBC Proms
0%
Documentary Series 1995 Biography
0%
TV Show 1992 Blue Peter
0%
TV Special 2003 Bob Hope at 100
0%
TV Special 1985 Bob Hope's Happy Birthday Homecoming
0%
Documentary Mini-Series 2007 British Film Forever
0%
Short Documentary 1967 Caine Below Zero
0%
TV Documentary 1969 Candid Caine: A Self Portrait of Michael Caine
0%
TV Documentary 1988 Cary Grant: A Celebration of a Leading Man
0%
TV Special 2003 Children in Need
0%
TV Show 2009 Chris Moyles Quiz Night
0%
Documentary Series 1967 Cinema
0%
TV Show 1977, 1981 Clapper Board
0%
TV Special 1991 Danny Kaye International Children Award for Unicef
0%
TV Show 1968, 1969 Dee Time
0%
TV Show 1975, 1979 Dinah!
0%
Documentary 2023 Divas: Barbra Streisand
0%
TV Special 1975 Don Rickles: Buy This Tape You Hockey Puck
0%
TV Special 1985 Fashion Aid
0%
Documentary 2023 Fatal Addiction: Heath Ledger
0%
Documentary Series 2005 Getaway
0%
TV Special 2007 Happy Birthday Elton! From Madison Square Garden, New York
0%
TV Documentary 2002 Hero: The Bobby Moore Story
0%
Documentary 1986 Hero: The Official Film of the 1986 FIFA World Cup
0%
Documentary Series 1993 Hollywood U.K. British Cinema in the Sixties
0%
TV Show 1984, 1987 In at the Deep End
0%
Short TV Documentary 2014 Interstellar: Nolan's Odyssey
0%
TV Documentary 1991 Into the Blue: Dolphin Rescue
0%
Documentary 1988 John Huston: The Man, the Movies, the Maverick
0%
TV Special 2003 Julie Walters: A BAFTA Tribute
0%
Documentary Mini-Series 1996 Lights, Camera, Action!: A Century of the Cinema
0%
TV Special 1995 Live for Peace: A Royal Gala
0%
Documentary 2023 Mad About the Boy: The Noël Coward Story
0%
Short Documentary 1966 Man at the Wall
0%
TV Show 1990 Masterchef
0%
TV Documentary 1994 Michael Caine: Breaking the Mold
0%
TV Documentary 2008 Michael Caine: From Alfie to Zulu
0%
Podcast 2021 Michael Caine: Heroes
0%
Short Documentary 2006 Michael Caine Is Harry Palmer
0%
Documentary Series 1961 Monitor
0%
TV Special 1982 Natalie - A Tribute to a Very Special Lady
0%
Theater 1963 Next Time I'll Sing You
0%
TV Special 1985 Night of 100 Stars II
0%
TV Special 1990 Night of 100 Stars III
0%
TV Special 2008 Nobel Peace Prize Concert
0%
Documentary Series 1991, 1999, 2000 Omnibus
0%
TV Documentary 2009 Pinter's Progress
0%
TV Show 1969 Playboy After Dark
0%
TV Special 2013 Power of Love: Quincy Jones & Sir Michael Caine's 80th Birthday Celebration
0%
Documentary 1991 Preminger: Anatomy of a Filmmaker
0%
TV Special 2000 Premio Donostia a Michael Caine
0%
Documentary 2018 Quincy
0%
Short Film 1991 Rabbit Ears: King Midas and the Golden Touch
0%
TV Special 1975 Rickles
0%
TV Special 1993 Sean Connery: Private
0%
TV Documentary 2023 Sir Michael Caine - Vom Arbeiterkind zum Hollywoodstar
0%
TV Documentary 1991 Siskel & Ebert Holiday Gift Guide
0%
TV Show 1977 Tell Me More
0%
TV Show 1996, 2000 TFI Friday
0%
TV Show 1962 The Arthur Haynes Show
0%
TV Documentary 1969 The Battle for The Battle of Britain
0%
TV Special 2000 The BBC and the BAFTA Tribute to Michael Caine
0%
TV Show 1966 The Bob Hope Show
0%
TV Show 1965, 1966 The Eamonn Andrews Show
0%
Documentary 2006 The Foreign Eye
0%
TV Documentary 1985 The Golden Gong
0%
Documentary Series 2003 The Hollywood Greats
0%
Theater 1959 The Long and the Short and the Tall
0%
Documentary 2018 The Man Who Got Carter
0%
TV Documentary 1998 The Man Who Would Be Caine
0%
Documentary Series 2011 The Many Faces of...
0%
TV Show 1986 The Max Headroom Show
0%
TV Show 1966, 1973, 1974, 1975 The Merv Griffin Show
0%
TV Documentary 1989 The Movie Life of George
0%
TV Special 1976 The Norman Gunston Show
0%
TV Special 1978 The Road to Eltham
0%
Documentary 2022 The Sound of 007
0%
TV Documentary 1988 The Trouble with Michael Caine
0%
Short Film 1988 Through the Eyes of a Child
0%
TV Show 2008 Tomtesterom
0%
Documentary 2008 Valentino: The Last Emperor
0%
Short Documentary 1968 Wedding of the Doll
0%
TV Show 1966 What's My Line?
0%
Short Film 1959 What We Want Is Watney's
0%
Documentary Series 1970 World in Action
0%
No matching quizzes found
Score Distribution
Percent of People with Each Score
Percentile by Number Answered
Your Score History
You have not taken this quiz since the last reset